Structural steelwork for building and architectural students (Record no. 86897)

MARC details
000 -LEADER
fixed length control field 00646cam a2200229 4500
001 - CONTROL NUMBER
control field D8200
008 - FIXED-LENGTH DATA ELEMENTS--GENERAL INFORMATION
fixed length control field 090401t1976 xxu||||| |||| 00| 0 eng d
035 ## - SYSTEM CONTROL NUMBER
System control number (Sirsi) u11709
041 ## - LANGUAGE CODE
Language code of text/sound track or separate title eng
050 ## - LIBRARY OF CONGRESS CALL NUMBER
Classification number 693.71
100 ## - MAIN ENTRY--PERSONAL NAME
Personal name Reynolds, Trefor J
245 ## - TITLE STATEMENT
Title Structural steelwork for building and architectural students
250 ## - EDITION STATEMENT
Edition statement 14th
260 ## - PUBLICATION, DISTRIBUTION, ETC.
Place of publication, distribution, etc. London
Name of publisher, distributor, etc. Hodder & Stoughton
Date of publication, distribution, etc. 1976
300 ## - PHYSICAL DESCRIPTION
Extent x. 394p. ill. fold-out plans. 23cm
350 ## - PRICE (NR) (BK AM CF MU VM SE) [OBSOLETE]
Price 6.75
520 ## - SUMMARY, ETC.
Summary, etc. 14th ed by Trefor J.Reynolds and Lewis E.Kent, with David W.Lazenby
700 ## - ADDED ENTRY--PERSONAL NAME
Personal name Kent, Lewis E
700 ## - ADDED ENTRY--PERSONAL NAME
Personal name Lazenby, David W
942 ## - ADDED ENTRY ELEMENTS (KOHA)
Suppress in OPAC 0
948 ## - LOCAL PROCESSING INFORMATION (OCLC); SERIES PART DESIGNATOR (RLIN)
c (OCLC) 04/03/1997
Holdings
Withdrawn status Lost status Source of classification or shelving scheme Damaged status Not for loan Home library Current library Shelving location Date acquired Cost, normal purchase price Total Checkouts Full call number Barcode Date last seen Date last checked out Copy number Cost, replacement price Price effective from Koha item type
    Dewey Decimal Classification     London London Books 14/09/1999 6.75 4 693.71 30023754 06/08/2019 12/05/2006 1 6.75 06/08/2019 Book